[Event "Pan American-ch U12 Girls"]
[Site "Oaxtepec"]
[Date "2014.07.14"]
[Round "5"]
[White "Mejia Granados, Paulina Isabel"]
[Black "Condori, Ana Paula"]
[Result "1-0"]
[WhiteElo "1588"]
[BlackElo "1596"]
[PlyCount "65"]
[EventDate "2014.07.11"]
[EventType "swiss"]
[EventRounds "9"]
[EventCountry "MEX"]
[SourceTitle "EXT 2022"]
[Source "ChessBase"]
[SourceDate "2021.10.06"]
[SourceVersion "1"]
[SourceVersionDate "2021.10.06"]
[SourceQuality "1"]

1. c4 Nf6 2. Nf3 e6 3. g3 d5 4. Bg2 Be7 5. 0-0 0-0 6. d4 Nbd7 7. Qc2 b6 8. Nc3 Bb7 9. Ne5 c6 10. Rd1 Rc8 11. e4 Qc7 12. Bf4 Bd6 13. exd5 cxd5 14. Nb5 Qb8 15. Nxd7 Nxd7 16. Bxd6 Qa8 17. Bxf8 Rxc4 18. Qd2 Nxf8 19. Nd6 Rc6 20. Qf4 f6 21. Nxb7 Qxb7 22. Rac1 Ng6 23. Qe3 Rd6 24. f4 Ne7 25. Rd2 Kf7 26. Rdc2 Rd7 27. Bh3 f5 28. Bg2 g6 29. Qe5 Qa6 30. Rc7 Rd8 31. Rxe7+ Kxe7 32. Rc7+ Kf8 33. Qh8# 1-0

[Event "BOL-ch (Women)"]
[Site "La Paz"]
[Date "2014.05.23"]
[Round "5"]
[White "Coro, Soledad"]
[Black "Condori, Ana Paula"]
[Result "1-0"]
[WhiteElo "1825"]
[BlackElo "1600"]
[PlyCount "45"]
[EventDate "2014.05.21"]
[EventType "swiss"]
[EventRounds "8"]
[EventCountry "BOL"]
[SourceTitle "CBM 160 Extra"]
[Source "ChessBase"]
[SourceDate "2014.07.01"]
[SourceVersion "1"]
[SourceVersionDate "2014.07.01"]
[SourceQuality "1"]

1. c4 Nf6 2. Nc3 e6 3. g3 d5 4. cxd5 exd5 5. Bg2 Be6 6. d3 Nbd7 7. Nf3 c6 8. 0-0 Be7 9. b3 0-0 10. Bb2 Re8 11. Qc2 Rc8 12. Rad1 Qc7 13. Rc1 Bd6 14. Qd2 Qd8 15. Rfe1 h6 16. Kh1 Kh8 17. h3 Nf8 18. Ng1 a6 19. e4 dxe4 20. dxe4 Qc7 21. Nd5 Nxd5 22. Qxh6+ Nh7 23. Qxg7# 1-0

[Event "BOL-ch (Women)"]
[Site "La Paz"]
[Date "2014.05.22"]
[Round "3"]
[White "Condori, Ana Paula"]
[Black "Mendoza, Samantha D"]
[Result "1-0"]
[WhiteElo "1600"]
[BlackElo "1810"]
[PlyCount "36"]
[EventDate "2014.05.21"]
[EventType "swiss"]
[EventRounds "8"]
[EventCountry "BOL"]
[SourceTitle "CBM 160 Extra"]
[Source "ChessBase"]
[SourceDate "2014.07.01"]
[SourceVersion "1"]
[SourceVersionDate "2014.07.01"]
[SourceQuality "1"]

1. e4 c5 2. Nf3 g6 3. d4 Bg7 4. Nc3 Qa5 5. Be3 Nf6 6. Qd2 cxd4 7. Nxd4 Nc6 8. Nb3 Qc7 9. Nb5 Qb8 10. f3 a6 11. Nc3 b5 12. 0-0-0 d6 13. g4 Ne5 14. Be2 b4 15. Na4 Nfd7 16. Na5 Qc7 17. Qxb4 Rb8 18. Qd2 Qc6 1-0

[Event "Wch U10 Girls"]
[Site "Al Ain"]
[Date "2013.12.20"]
[Round "3"]
[White "Condori, Ana Paula"]
[Black "De Talance, Berenice"]
[Result "0-1"]
[WhiteElo "1606"]
[BlackElo "1433"]
[PlyCount "132"]
[EventDate "2013.12.18"]
[EventType "swiss"]
[EventRounds "11"]
[EventCountry "UAE"]
[SourceTitle "CBM 158 Extra"]
[Source "ChessBase"]
[SourceDate "2014.02.28"]
[SourceVersion "1"]
[SourceVersionDate "2014.02.28"]
[SourceQuality "1"]

1. e4 d5 2. exd5 Nf6 3. d4 Nxd5 4. Nf3 Bg4 5. Be2 e6 6. 0-0 Be7 7. Nbd2 0-0 8. Ne5 Bxe2 9. Qxe2 Nf4 10. Qe3 Qxd4 11. Ndf3 Qxe3 12. Bxe3 Nd5 13. Bd2 Rd8 14. Rad1 Bf6 15. c4 Nb6 16. Be3 Rxd1 17. Rxd1 h6 18. b3 Bxe5 19. Nxe5 f6 20. Rd8+ Kh7 21. Nf7 Nc6 22. Rd2 Rf8 23. Bxb6 axb6 24. Rd7 Kg6 25. h4 f5 26. Nxh6 gxh6 27. Rxc7 Rf7 28. h5+ Kg7 29. Rc8 f4 30. a3 Rd7 31. b4 Kf6 32. b5 Na5 33. c5 bxc5 34. Rxc5 Rd3 35. a4 Rd4 36. b6 Rxa4 37. Rb5 Nc4 38. Kf1 Ra6 39. Rb4 Nxb6 40. Rxf4+ Kg7 41. Rg4+ Kh7 42. Rb4 Kg7 43. Ke2 Kf6 44. f4 Nd5 45. Rd4 Kf5 46. g3 Kg4 47. Kf2 Ra2+ 48. Ke1 Ra3 49. Re4 Re3+ 50. Rxe3 Nxe3 51. Kf2 Nf5 52. Kg2 Nxg3 53. Kf2 Nxh5 54. Ke3 Nxf4 55. Kf2 b5 56. Ke3 b4 57. Kd2 h5 58. Kc2 h4 59. Kb3 h3 60. Kxb4 h2 61. Kc5 h1Q 62. Kd6 Qd5+ 63. Ke7 Kg5 64. Kf7 Qd7+ 65. Kf8 Kg6 66. Kg8 Qg7# 0-1